000 00833nam a2200217Ia 4500
999 _c40578
_d40578
003 OSt
005 20200925114905.0
008 160316s1982 xxu||||| |||| 00| 0 eng d
020 _a9780394713809
040 _cnls
082 _a345.730200
_bDER
100 _aDershowitz Alan M
245 _aThe best defense
260 _aNew York
_bVillage Books
_c1982
300 _a425p
_cxiii
365 _b Rs. 1,096
505 _aAnyone interested in the true merits of criminal law and very fine writing must read Alan Dershowitz's book." --Truman Capote In this tell-all legal memoir, Alan Dershowitz describes his most famous, and infamous, cases and clients. In the process, takes a critical, informed look at a legal system that he regards as deeply corrupt.
650 _a1. Trials - U S A
700 _a
_a
942 _2ddc
_cBK